000 01093nam a22002537a 4500
005 20170124103048.0
010 _aB-104126
020 _c140.00
_a818896079
035 _aB-104126
037 _bCen Lib/Ret
040 _aDPL
_bHN
082 _a
_bशर्माय
100 _aशर्मा, यादवेन्द्र
_99690
245 _aमेरी तेरह कहानियां /
_cयादवेन्द्र शर्मा
246 _aMeri terah kahaniyan
_b by Yadvendra Sharma
260 _aदिल्ली
_bअभिरुचि प्रकाशन
_c2003
270 _a3/114, कर्ण गली विश्वास नगर शाहदरा
_b दिल्ली
_e110032
300 _a135पृष्ठ.
_c20सेमी(सजिल्द)
650 _aहिंदी साहित्य
_969767
650 _aहिंदी कहानी - ऐतिहासिक
_969768
650 _aHindi literature
_969769
650 _ahindi story historical
_958528
942 _2ddc
_cHN
_h
_mशर्माय
999 _c117047
_d117047